000 01197nam a2200349 c 4500
999 _c328486
_d328486
003 BLK
005 20250709182249.0
008 180411b bul|||||r ||||||| ||bul||
010 _aKNG00193420000
020 _a978-619-151-445-8
040 _aBLK
041 _aBUL
_cBUL
072 7 _2bullib
_aН83
_xЧужда художествена литература Н
080 _aЛитература на отделни езици и езикови семейства
_b821
_x-93-34
_z821-93-34
139 _aОле затвори-очички
_bО 49
245 1 0 _aОле затвори очички
_cадапт. Светлана Курчубич Ружич; худож. Ана Григориев
257 _aSB
260 _bСофтПрес
_c2018
_9209582
_aСофия
300 _a64 с.
_bс цв. ил.
_c28 см
380 _aDX
659 _aН
700 1 _aЙотова, Христина Ценкова
_974412
852 _bД
_cДХ 820/899/О 49
_aЦб ІІ 23983
856 4 _qpdf
856 4 _qpdf
942 _cKNG
_n0
_029
_s1
999 _d328486
999 _d328486
999 _d328486
999 _d184462
944 _k30537
_lГрета Цуфелде